Music Quiz

Random Music or Pop Music Quiz

Songs on Sgt. Pepper's Lonely Hearts Club Band Quiz Stats

 Plays Quiz Updated Jan 30, 2019

Support Sporcle.
Go Orange.
Score 0/13 Timer 05:00
0 Plays Today
Side Song % Correct
Side 1Sgt. Pepper's Lonely Hearts Club Band
92%
Side 2Sgt. Pepper's Lonely Hearts Club Band (Reprise)
92%
Side 1With a Little Help from My Friends
76%
Side 2A Day in the Life
75.4%
Side 1Lucy in the Sky with Diamonds
74%
Side 2Lovely Rita
63.6%
Side 2When I'm Sixty-Four
60.8%
Side 1Fixing a Hole
60.1%
Side 1She's Leaving Home
56.2%
Side 2Within You Without You
52.6%
Side 1Being for the Benefit of Mr. Kite!
52.5%
Side 1Getting Better
49%
Side 2Good Morning Good Morning
43.7%

From the Vault

Razzie Worst Actor Winners

by CharlieBrown

Movies 7m
These actors were the best at being the worst.
Remove Ads.
Support Sporcle.
Get the best of Sporcle when you Go Orange. This ad-free experience offers more features, more stats, and more fun while also helping to support Sporcle. Thank you for becoming a member.

Show Comments

Extras

Top Quizzes Today


Score Distribution

Your Account Isn't Verified!

In order to create a playlist on Sporcle, you need to verify the email address you used during registration. Go to your Sporcle Settings to finish the process.

Report this User

Report this user for behavior that violates our Community Guidelines.

Details: